Middle school jeev vigyan: (Record no. 1848306)

MARC details
000 -LEADER
fixed length control field 00842nam a22002657a 4500
003 - CONTROL NUMBER IDENTIFIER
control field OSt
005 - DATE AND TIME OF LATEST TRANSACTION
control field 20260417150716.0
008 - FIXED-LENGTH DATA ELEMENTS--GENERAL INFORMATION
fixed length control field 260417b |||||||| |||| 00| 0 eng d
020 ## - INTERNATIONAL STANDARD BOOK NUMBER
International Standard Book Number 978-81-19771-77-6
037 ## - SOURCE OF ACQUISITION
Terms of availability Textbook
040 ## - CATALOGING SOURCE
Original cataloging agency FEDL
Language of cataloging eng
Transcribing agency FEDL
041 ## - LANGUAGE CODE
Language code of text/sound track or separate title hin
Language code of original hin
082 ## - DEWEY DECIMAL CLASSIFICATION NUMBER
Classification number 372-35 GUP/R
100 ## - MAIN ENTRY--PERSONAL NAME
Personal name Gupte, Arvind, Ed.
9 (RLIN) 1235053
245 ## - TITLE STATEMENT
Title Middle school jeev vigyan:
Remainder of title Shikshon ke liye ek sansadhan [Hindi]/
Statement of responsibility, etc. edited bu Arvind ...[et.al]
260 ## - PUBLICATION, DISTRIBUTION, ETC.
Place of publication, distribution, etc. Bhopal
Name of publisher, distributor, etc. Eklaya Foundations
Date of publication, distribution, etc. 2025
300 ## - PHYSICAL DESCRIPTION
Extent 164p.
365 ## - TRADE PRICE
Price type code INR
Price amount 275.00
650 ## - SUBJECT ADDED ENTRY--TOPICAL TERM
Topical term or geographic name entry element ELEMEMTARU SCHOOL
9 (RLIN) 1235054
700 ## - ADDED ENTRY--PERSONAL NAME
Personal name Uma Sudhir, Ed.
9 (RLIN) 1235055
700 ## - ADDED ENTRY--PERSONAL NAME
Personal name Panwar, Kishore, Ed.
9 (RLIN) 1235056
700 ## - ADDED ENTRY--PERSONAL NAME
Personal name Pure, Bharat, Ed....[et...al]
9 (RLIN) 1235057
942 ## - ADDED ENTRY ELEMENTS (KOHA)
Source of classification or shelving scheme Dewey Decimal Classification
Koha item type Textbook
Classification part 372.35 GUP/R
Suppress in OPAC No
Holdings
Withdrawn status Lost status Source of classification or shelving scheme Damaged status Not for loan Collection Home library Current library Shelving location Date acquired Total Checkouts Full call number Barcode Date last seen Price effective from Koha item type
    Dewey Decimal Classification     General Department of Education Library Department of Education Library General Stacks 2026-04-17   372.35 GUP/R EL0095133 2026-04-17 2026-04-17 Textbook
    Dewey Decimal Classification     General Department of Education Library Department of Education Library General Stacks 2026-04-17   372.35 GUP/R EL0095134 2026-04-17 2026-04-17 Textbook
    Dewey Decimal Classification     General Department of Education Library Department of Education Library General Stacks 2026-04-17   372.35 GUP/R EL0095135 2026-04-17 2026-04-17 Textbook
    Dewey Decimal Classification     General Department of Education Library Department of Education Library General Stacks 2026-04-17   372.35 GUP/R EL0095136 2026-04-17 2026-04-17 Textbook
    Dewey Decimal Classification     General Department of Education Library Department of Education Library General Stacks 2026-04-17   372.35 GUP/R EL0095137 2026-04-17 2026-04-17 Textbook
    Dewey Decimal Classification     General Department of Education Library Department of Education Library General Stacks 2026-04-17   372.35 GUP/R EL0095138 2026-04-17 2026-04-17 Textbook
    Dewey Decimal Classification     General Department of Education Library Department of Education Library General Stacks 2026-04-17   372.35 GUP/R EL0095139 2026-04-17 2026-04-17 Textbook
    Dewey Decimal Classification     General Department of Education Library Department of Education Library General Stacks 2026-04-17   372.35 GUP/R EL0095140 2026-04-17 2026-04-17 Textbook
    Dewey Decimal Classification     General Department of Education Library Department of Education Library General Stacks 2026-04-17   372.35 GUP/R EL0095141 2026-04-17 2026-04-17 Textbook
    Dewey Decimal Classification     General Department of Education Library Department of Education Library General Stacks 2026-04-17   372.35 GUP/R EL0095142 2026-04-17 2026-04-17 Textbook
Copyright @ Delhi University Library System